Statistics for 2019 rugby Champions Cup final starting XV

Click here to take the quiz!

General Stats

  • This quiz has been taken 9 times
  • The average score is 18 of 30

Answer Stats

HintSaracens% Correct
8.Billy Vunipola
100%
2.Jamie George
100%
1.Mako Vunipola
100%
6.Maro Itoje
100%
10.Owen Farrell
100%
11.James Lowe
89%
10.Jonathan Sexton
89%
3.Tadhg Furlong
78%
13.Garry Ringrose
67%
5.James Ryan
67%
12.Robbie Henshaw
67%
4.Will Skelton
67%
1.Cian Healy
56%
4.Devin Toner
56%
5.George Kruis
56%
8.Jack Conan
56%
7.Jackson Wray
56%
14.Liam Williams
56%
7.Sean O'Brien
56%
15.Alex Goode
44%
9.Ben Spencer
44%
13.Alex Lozowski
33%
12.Brad Barritt
33%
14.Jordan Larmour
33%
9.Luke McGrath
33%
15.Rob Kearney
33%
2.Sean Cronin
33%
11.Sean Maitland
33%
6.Scott Fardy
22%
3.Titi Lamositele
22%

Score Distribution

Percentile by Number Answered

Percent of People with Each Score

Your Score History

You have not taken this quiz